000 00326nam a2200133 a 4500
008 030825s1964||||xx 0 und c
040 _aSNK
_bslo
_cSNK
_eAACR2
100 1 _aMaupassant, Gyu de
245 1 0 _aMont-Oriol
260 _aBratislava
_bSlovenský spisovateľ
_c1964
020 _c16
044 _axo
_cSK
041 _aslo
999 _c12336
_d12336